|
|
|
|
| LEADER |
00000naa a2200000uu 4500 |
| 001 |
vtls010920444 |
| 003 |
SK-MaSNL |
| 005 |
20260302131305.0 |
| 008 |
220808|1989 xo |||||||||||||||||slo| |
| 015 |
|
|
|a SNBRA
|
| 035 |
|
|
|a (urnnbn)urn:nbn:sk:snk:ar-a0czfu
|
| 035 |
|
|
|a (uuid)2614edb4-a0e3-441c-99b6-3eb7c7a88121
|
| 035 |
|
|
|a urn:nbn:sk:snk-aato5c
|
| 040 |
|
|
|a SNKBUCL
|b slo
|c SNKBUCL
|e AACR2
|
| 041 |
0 |
|
|a slo
|
| 044 |
|
|
|a xo
|c SK
|
| 245 |
0 |
0 |
|a KURTZ, Jozef (Kurcz, Kurz)
|b maliar a pozlacovač (okolo 1692 Rietz v Tirolsku, Rakúsko - 17. 8. 1737 Bratislava)
|
| 655 |
|
7 |
|a biografické heslá
|2 SNKPH
|9 368942
|
| 773 |
0 |
|
|t Slovenský biografický slovník : (od roku 833 do roku 1990). III. zväzok, K-L
|d Martin : Matica slovenská, 1989
|g S. 315
|z 8070900199 viaz
|
| 954 |
|
|
|a odborná, vedecká literatúra pôvodná (slovenská)
|2 lita
|
| 958 |
|
|
|a BX
|
| 958 |
|
|
|a OND
|
| 958 |
|
|
|a chapter
|
| 958 |
|
|
|a article25
|
| 999 |
|
|
|c 1305521
|d 1307451
|